MDQL
is popping MORE tags! Check the
thread
!
Quizzes
Events
Quiz Creation
Community
Videos
Private Events
Remove Ads
Sign In
Join for FREE
Feedback
Dark Mode
Quiz Categories
Sports
Geography
Music
Movies
Television
Just For Fun
Miscellaneous
History
Literature
Language
Science
Gaming
Entertainment
Religion
Holiday
For Kids
Quiz Lab
Recent
Popular Today
Quiz Kudos Today
Editor Picks
Curator Picks
Quizzes by...
Day
Popularity
Type
Ratings
Length
Year
Community
Subscriptions
Recent Discussions
Orange Saloon
Badges
Playlists
Quests
Create
Leaderboards
Showdown
Live 5
Trivia Bingo
Activity
Puzzle Library
Sporcle Events
Private Events
Virtual Trivia
Globe League
Become a Host
Pub Owners
SporcleCon
Opinionation
Our Games
Videos
Blog
Mobile Apps
Partnerships
Remove Ads and Go Orange
Feedback
Music
Pop Music
The Beatles
Song
Album
Lyrics
Bands
Singers
Artist
Clip
Rock
Rap
Classical
Billboard
Country Music
Kpop
Taylor Swift
Music
Pop Music
The Beatles
Song
Album
Lyrics
Bands
Singers
Artist
Clip
Rock
Rap
Classical
Billboard
Country Music
Kpop
Taylor Swift
Random Quiz
Search Sporcle
×
Quiz Lab
Quiz Lab
Music
Song
Type in answers that appear in a list
Type in answers that appear in a list
Classic
Best Score? Go Orange.
Guess the Song Lyrics with few hints Stats
Can you name the Lyrics with few hints?
By
ElectedFungus
5m
179 Questions
226 Plays
226 Plays
226 Plays
Comments
Comments
Give Quiz Kudos
Give Quiz Kudos
-
- Ratings
hide this ad
More Info
Replay
Link that replays current quiz
Next Quiz
Link to next quiz in quiz playlist
You Got
0%
They Got
Avg Score
30%
Avg Friend Score
Upgrade to see
Score Distribution
Jump to the score distribution portion of the page
Score
0/179
Timer
05:00
0
Plays Today
% Correct
a
97.8%
the
97.8%
I
97.3%
I
97.3%
I
97.3%
you
83.9%
you
83.9%
you
83.9%
you
83.9%
you
83.9%
you
83.9%
me
73.2%
me
73.2%
me
73.2%
me
73.2%
me
73.2%
me
73.2%
me
73.2%
me
73.2%
me
73.2%
me
73.2%
me
73.2%
me
73.2%
is
71.9%
to
71.9%
to
71.9%
to
71.9%
to
71.9%
be
67%
be
67%
be
67%
in
66.5%
can
57.6%
can
57.6%
can
57.6%
she
56.3%
she
56.3%
she
56.3%
she
56.3%
she
56.3%
she
56.3%
she
56.3%
if
48.7%
if
48.7%
that
48.2%
that
48.2%
that
48.2%
that
48.2%
that
48.2%
for
46.4%
of
46%
Her
45.1%
her
45.1%
they
42.4%
they
42.4%
they
42.4%
they
42.4%
they
42.4%
they
42.4%
so
41.5%
% Correct
know
41.1%
know
41.1%
know
41.1%
don't
33.9%
don't
33.9%
don't
33.9%
don't
33.9%
don't
33.9%
don't
33.9%
us
33.5%
it's
32.6%
but
31.3%
but
31.3%
but
31.3%
but
31.3%
but
31.3%
but
31.3%
has
29.5%
them
26.8%
them
26.8%
them
26.8%
them
26.8%
won't
26.3%
won't
26.3%
won't
26.3%
won't
26.3%
won't
26.3%
won't
26.3%
name
21%
'cause
18.3%
'Cause
18.3%
'Cause
18.3%
she's
17%
they're
17%
she's
17%
she's
17%
let
16.1%
let
16.1%
let
16.1%
let
16.1%
let
16.1%
let
16.1%
those
14.7%
those
14.7%
those
14.7%
Those
14.7%
those
14.7%
those
14.7%
those
14.7%
those
14.7%
those
14.7%
those
14.7%
knows
14.3%
knows
14.3%
knows
14.3%
Oh
13.8%
Oh
13.8%
Oh
13.8%
Oh
13.8%
believe
8.9%
% Correct
believe
8.9%
believe
8.9%
believe
8.9%
believe
8.9%
believe
8.9%
gotta
7.1%
body
6.3%
beat
6.3%
beat
6.3%
beat
6.3%
Yoshimi
5.4%
Yoshimi
5.4%
Yoshimi
5.4%
fight
5.4%
win
5.4%
Yoshimi
5.4%
Yoshimi
5.4%
Yoshimi
5.4%
win
5.4%
Yoshimi
5.4%
Yoshimi
5.4%
Yoshimi
5.4%
robots
4.9%
robots
4.9%
robots
4.9%
robots
4.9%
robots
4.9%
robots
4.9%
robots
4.9%
robots
4.9%
robots
4.9%
blackbelt
4.5%
karate
4.5%
working
4.5%
evil
4.5%
eat
4.5%
taking
4.5%
evil
4.5%
eat
4.5%
evil
4.5%
lots
4%
it'd
4%
it'd
4%
defeat
3.6%
defeat
3.6%
strong
3.6%
tragic
3.6%
defeat
3.6%
tragic
3.6%
defeat
3.6%
defeat
3.6%
city
3.1%
machines
3.1%
vitamins
3.1%
discipline
2.7%
demanding
2.7%
evil-natured
2.7%
programmed
2.7%
destroy
2.7%
Quiz Playlist
Details
Report
Send in Message
Add To Playlist
More Info:
Can you guess the lyrics of the mysterious alternative song from 2002?
Classic:
Type in answers that appear in a list
Quiz Source
Last Updated: Feb 16, 2017
Quiz Scoreboard
CHALLENGE
Sign Up to Join the Scoreboard
Show All
Scores
Hide
Comments
May contain spoilers
Recently Published
Image Sorting: Flags VI
by Barbecue
Geography
2m
Find the 'City' Movie
by crazypaving
Movies
60s
Colored Red Africa Blitz
by spor1
Geography
45s
More to Explore
Quiz From the Vault
Featured Blog Post
14 Easter Pick-up Lines to Find Eggs With
hide this ad
You Might Also Like...
Tags
Lyrics Quiz
Song Quiz
Mystery
Today's Top Quizzes in Music
Browse Music
hide this ad
Today's Top Quizzes in Song
Browse Song
Top Contributed Quizzes in Music
1
5X2 Blitz: Bands II
2
5X2 Blitz: The Beatles
3
Taylor Swift All Songs (2024)
4
5X2 Blitz: Billboard
5
5X2 Blitz: Billboard II
6
5X2 Blitz: Album
7
5X2 Blitz: Rock
8
5X2 Blitz: Singers
9
Taylor Swift Logic Puzzle II
10
5X2 Blitz: Lyrics
Explore More
Trending Topics
Marvel
NBA
Crossword
Kpop
Disney
Anime
Harry Potter
Puzzle
The Office
NFL
Pokémon
Country
Soccer
WWE
Song
hide this ad
More By:
ElectedFungus
Quiz
Plays
Rating
Category
Featured
Created
Historical Events of 1999
69,271
4.30
History
Apr 4, 2011
Common Ties
2,278
4.23
Miscellaneous
May 10, 2011
100 Worst Guitar Solos
1,858
3.56
Music
May 8, 2011
Who said AFI's Top 100 Movie Quotes?
1,790
4.63
Movies
Mar 15, 2011
Apocalypse Now Characters
358
4.75
Movies
Mar 13, 2011
Go to Creator's Profile
Score Distribution
Quiz Creator Spotlight
ElectedFungus
Follow
Send a Message
Quizzes Created
-
Created Quiz Play Count
-
More By This Creator
Popular Quizzes Today
1
Colored Red Africa Blitz
2
Find the US States - No Outlines Minefield
3
Find the 'City' Movie
4
5x2 Blitz: Bands
5
The Countries of the World
6
Find the US States
7
Find the Countries of Europe - No Outlines Minefield
8
US States
More Music Quizzes
Tool by any 3 letters
Quiz Lab
Trending Quizzes
Colored Red Europe Blitz I
Colored Red Europe Blitz II
Colored Red Africa Blitz II
Colored Red Europe Blitz III
Colored Red Africa Blitz III
Recently Updated
How Do You Spell That?
pecheneg
Godzilla Movies
pecheneg
Grab Bag: 4-10 Letters
pecheneg
2024 March Madness Bracket
pecheneg
Famous TV Couples
Peacemaker
Champions League XIs: Real Madrid
pecheneg
Largest US Cities 1790-2010
pecheneg
Rides in Walt Disney World
pecheneg
Most Oscar Losses (Acting)
pecheneg
Beyoncé Albums
pecheneg
Trending Topics
NBA
Anime
Crossword
Harry Potter
Kpop
Disney
Marvel
WWE
The Office
NFL
Pokémon
Song
Country
Soccer
Puzzle
Your Account Isn't Verified!
In order to create a playlist on Sporcle, you need to verify the email address you used during registration. Go to your
Sporcle Settings
to finish the process.
Report this User
Report this user for behavior that violates our
Community Guidelines
.
Details:
Send Report
Go to the Sporcle.com Mobile Site →
Comments